| 000 | 00744pam a2200253 a 4500 | ||
|---|---|---|---|
| 001 | 4871058 | ||
| 003 | OSt | ||
| 005 | 20180503181422.0 | ||
| 008 | 921203s1993 moua b 001 0 eng | ||
| 010 | _a 92044282 | ||
| 020 | _a0801665132 | ||
| 040 |
_aDLC _cDLC _dDLC |
||
| 050 | 0 | 0 |
_aRS100 _b.T66 1993 |
| 082 | 0 | 0 |
_aQV 737 T641e 1993 _220 |
| 100 | 1 |
_aTootelian, Dennis H.; Gaedeke, Ralph M. _91568 |
|
| 245 | 1 | 0 | _aEssentials of Pharmacy Management |
| 260 |
_aSt. Louis; _bMosby, _cc1993. |
||
| 300 |
_axxi, 408 p. : _bill. ; _c25 cm. |
||
| 504 | _aIncludes bibliographical references and index. | ||
| 650 | 0 |
_aPharmacy _91569 |
|
| 650 | 0 |
_aDrug management _912646 |
|
| 906 |
_a7 _bcbc _corignew _d1 _eocip _f19 _gy-gencatlg |
||
| 942 |
_2z _cSLOAN |
||
| 999 |
_c607 _d607 |
||